| 000 | 00575nam a2200205 a 4500 | ||
|---|---|---|---|
| 005 | 20140310183242.0 | ||
| 008 | 040806s19uu xx 00 eng d | ||
| 020 | _a9780805847666 | ||
| 050 |
_aPN 4784.F37 _b.G37 2004 |
||
| 100 | _aGarrison, Bruce | ||
| 245 |
_aProfessional feature writing / _cBruce Garrison. |
||
| 250 | _a4th ed. | ||
| 260 |
_aNew Jersey : _bLawrence Erlbaum Associates, Publishers, _c2004. |
||
| 300 |
_a533 p. : _c24 cm. |
||
| 500 | _aIncludes index. | ||
| 521 | _aMC | ||
| 650 | _aFeauture writing. | ||
| 942 |
_cBK _2lcc _kFOR |
||
| 999 |
_c20629 _d20629 |
||